Ruttle Plant Hire Ltd v Secretary of State for Environment, Food and Rural Affairs (Record no. 80858)

MARC details
000 -LEADER
fixed length control field 02161cad a22002415a 4500
001 - CONTROL NUMBER
control field L145533
008 - FIXED-LENGTH DATA ELEMENTS--GENERAL INFORMATION
fixed length control field 081020e20080320xxk f v 000 0 eng d
035 ## - SYSTEM CONTROL NUMBER
System control number (Sirsi) u145533
041 0# - LANGUAGE CODE
Language code of text/sound track or separate title eng
245 00 - TITLE STATEMENT
Title Ruttle Plant Hire Ltd v Secretary of State for Environment, Food and Rural Affairs
Medium [electronic resource]
260 ## - PUBLICATION, DISTRIBUTION, ETC.
Date of publication, distribution, etc. 2008
520 ## - SUMMARY, ETC.
Summary, etc. [2008] EWHC 730 (TCC) , 20 March 2008. The case turned around whether a company is entitled to late-payment interest on its full debt where it had only invoiced a debtor for part of the debt and its partial invoice did not amount to sufficient notice of the full amount of the debt under the Late Payment of Commercial Debts (Interest) Act 1998. The Department of State for Environment, Food and Rural Affairs (D), contracted with Ruttle Plant Hire Ltd (R) for it to control an outbreak of swine disease and perform necessary cleansing and disinfection. The claimant (R), sent invoices to (D), for an amount of 65% of the total amount claimed. The judge was to determine the appropriate rates for payment and the rates for late payment if applicable. "Held": (D)'s expert calculation of rates is reasonable. (D) should have given valid notices of off-hire. The idle rate was applicable for the seven-day notice period. Notice of the amount of debt was necessary under the Late Payment of Commercial Debts (Interest) Act 1998. Interest on the unclaimed 35% started to run on the day of formal notice of these 35% left unpaid by (R) to (D). The penal rate should be set at base rate plus 2 per cent.
590 ## - LOCAL NOTE (RLIN)
Local note KA
650 24 - SUBJECT ADDED ENTRY--TOPICAL TERM
Topical term or geographic name entry element LATE PAYMENT OF COMMERCIAL DEBTS (INTEREST) ACT 1998 S4
650 24 - SUBJECT ADDED ENTRY--TOPICAL TERM
Topical term or geographic name entry element LIVERPOOL CITY COUNCIL V IRWIN
650 24 - SUBJECT ADDED ENTRY--TOPICAL TERM
Topical term or geographic name entry element MARLEASING SA V LA COMMERCIAL INTERNACIONAL DE ALIMENTACION SA
650 24 - SUBJECT ADDED ENTRY--TOPICAL TERM
Topical term or geographic name entry element LISTER V FORTH DRY DOCK
650 24 - SUBJECT ADDED ENTRY--TOPICAL TERM
Topical term or geographic name entry element RUPERT MORGAN BUILDING SERVICES (LLC) LTD V JERVIS AND ANOTHER
651 #4 - SUBJECT ADDED ENTRY--GEOGRAPHIC NAME
Geographic name England and Wales
Chronological subdivision 1543-
690 ## - LOCAL SUBJECT ADDED ENTRY--TOPICAL TERM (OCLC, RLIN)
Topical term or geographic name as entry element MANAGEMENT-DISPUTE AVOIDANCE, MANAGEMENT AND RESOLUTION-DISPUTE MANAGEMENT AND RESOLUTION
856 40 - ELECTRONIC LOCATION AND ACCESS
Uniform Resource Identifier <a href="https://www.bailii.org/ew/cases/EWHC/TCC/2008/730.html lzView the case free of charge at www.bailli.org...">https://www.bailii.org/ew/cases/EWHC/TCC/2008/730.html lzView the case free of charge at www.bailli.org...</a>
942 ## - ADDED ENTRY ELEMENTS (KOHA)
Suppress in OPAC 0
Holdings
Withdrawn status Lost status Source of classification or shelving scheme Damaged status Not for loan Home library Current library Shelving location Date acquired Total Checkouts Full call number Barcode Date last seen Copy number Price effective from Koha item type
    Dewey Decimal Classification     Virtual Virtual Online 20/10/2008   ONLINE PUBLICATION 145533-2001 06/08/2019 1 06/08/2019 Law report